00342nam a22001337a 4500003000400000005001700004008004100021040002200062082001600084110003100100245002200131260003700153300001800190OSt20221007172327.0221007b |||||||| |||| 00| 0 eng d cBiblioteca Lado V a708bAL319l aAlan Cristea Galerybautor aLanglands & Bell/ aLondresbMarco Livingstonec2002 a40p.c21x27cm